000 00481nam a2200193Ia 4500
005 20230622113617.0
008 131103s9999 xx 000 0 und d
020 _cRs,15
040 _aLoreto College
041 _aEnglish
082 _aF
_bBAG
100 _aBagley,Desmond
245 _aWindfall
_cDesmond Bagley
260 _aCalcutta
_bRupa and Co.by arrangement with Collins
_c1982
300 _a320 p.
650 _aFiction in English
850 _aLCLIB
942 _cBK
999 _c16210
_d66689